[Event "Ct. Catalunya femeni"]
[Site "Lleida"]
[Date "????.??.??"]
[Round "3"]
[White "Arno Bendicho, X."]
[Black "Martin Dinares, S."]
[Result "0-1"]
[WhiteElo "1629"]
[BlackElo "1611"]
[PlyCount "78"]
[EventDate "2012.??.??"]
[EventType "swiss"]
[EventRounds "6"]

1. e4 e5 2. Nf3 Nc6 3. Bb5 Bc5 4. d3 Nge7 5. Nc3 d6 6. O-O O-O 7. h3 f5 8. Bc4+
Kh8 9. Ng5 d5 10. Qh5 h6 11. Nxd5 Nxd5 12. Bxd5 Qf6 13. Nf7+ Kh7 14. Be3 Bxe3
15. fxe3 Qg6 16. Qxg6+ Kxg6 17. exf5+ Kf6 18. a3 Ne7 19. Ba2 Bd7 20. d4 Nc6 21.
Nxe5 Nxe5 22. dxe5+ Kxe5 23. g4 Rad8 24. Rad1 Bc6 25. Kf2 Rxd1 26. Rxd1 g6 27.
Rf1 gxf5 28. Kg3 Be4 29. c3 Rf6 30. gxf5 Bxf5 31. Rf4 Rg6+ 32. Kh2 Rb6 33. Rb4
Rxb4 34. axb4 b5 35. Kg3 Bd7 36. Bb1 Kd5 37. b3 c5 38. bxc5 Kxc5 39. h4 a5 0-1

[Event "Ct. Catalunya femeni"]
[Site "Lleida"]
[Date "????.??.??"]
[Round "3"]
[White "Riera Morilla, E."]
[Black "Alfonso Nogue, B."]
[Result "0-1"]
[WhiteElo "1974"]
[BlackElo "2055"]
[PlyCount "120"]
[EventDate "2012.??.??"]
[EventType "swiss"]
[EventRounds "6"]

1. e4 e5 2. Bc4 Nc6 3. Nc3 Nf6 4. d3 Bc5 5. Nf3 d6 6. Bg5 h6 7. Bh4 g5 8. Bg3
Bg4 9. Bb5 a6 10. Bxc6+ bxc6 11. Na4 Ba7 12. Qd2 Bxf3 13. gxf3 Nd7 14. h4 Rg8
15. Qc3 c5 16. Qc4 Bb6 17. a3 Qf6 18. Ke2 Ke7 19. Nc3 c6 20. Nd1 Nf8 21. Ne3
Ne6 22. c3 Rg6 23. Nf5+ Kd7 24. a4 Qd8 25. hxg5 hxg5 26. Rh7 Qf6 27. Rah1 Nd8
28. Rh8 Qe6 29. Qxe6+ Rxe6 30. R1h7 Rf6 31. Rg8 Bc7 32. Rxg5 Rb8 33. Bh4 Rxb2+
34. Kd1 Re6 35. Rgg7 Kc8 36. Rh8 Kd7 37. Rgg8 Rg6 38. Rxg6 fxg6 39. Rh7+ Kc8
40. Ne7+ Kb7 41. Nxg6 Ne6 42. Re7 Nf4 43. Nxf4 exf4 44. Rf7 Kb6 45. Rxf4 Ra2
46. Rf7 Rxa4 47. f4 d5 48. f3 Ra1+ 49. Kd2 a5 50. e5 a4 51. e6 a3 52. Kc2 Ra2+
53. Kd1 Rh2 54. Rf8 Kb7 55. e7 a2 56. Ra8 Kxa8 57. e8=Q+ Kb7 58. Bf2 a1=Q+ 59.
Ke2 Qb2+ 60. Kf1 Qxf2# 0-1

[Event "Ct. Catalunya femeni"]
[Site "Lleida"]
[Date "????.??.??"]
[Round "3"]
[White "Ruiz Font, E."]
[Black "Martin Dinares, L."]
[Result "1-0"]
[WhiteElo "2070"]
[BlackElo "1590"]
[PlyCount "129"]
[EventDate "2012.??.??"]
[EventType "swiss"]
[EventRounds "6"]

1. e4 e5 2. Bc4 Nf6 3. d3 Bc5 4. Nf3 d6 5. O-O Bg4 6. Nbd2 O-O 7. h3 Bh5 8. Re1
Nc6 9. c3 a6 10. Bb3 Ne7 11. Nf1 c6 12. Bg5 Qb6 13. Qe2 Rae8 14. Bxf6 gxf6 15.
Ng3 Bg6 16. h4 h6 17. h5 Bh7 18. Nh4 Kh8 19. Qf3 Kg7 20. Nf1 Rd8 21. Nh2 d5 22.
Ng4 Ng8 23. exd5 cxd5 24. Bxd5 f5 25. Nxe5 Rxd5 26. Qxd5 Bxf2+ 27. Kh1 Bxh4 28.
Nd7 Qd8 29. Re2 Nf6 30. Nxf6 Bxf6 31. Qf3 b5 32. a3 Qa8 33. Qg3+ Bg5 34. Qe5+
Bf6 35. Qg3+ Kh8 36. Rae1 Qd8 37. Qf3 Qa8 38. Qxa8 Rxa8 39. Re8+ Rxe8 40. Rxe8+
Kg7 41. Ra8 f4 42. d4 Bd3 43. Rxa6 b4 44. Rb6 bxc3 45. bxc3 Be7 46. a4 Bc2 47.
a5 Bd8 48. d5 Be4 49. c4 Kf8 50. Rb5 Bf6 51. a6 Bd4 52. Rb7 Bd3 53. Rc7 Ke8 54.
d6 Bb6 55. Rc6 Be3 56. Rc7 Bb6 57. Rb7 Be3 58. a7 Bxa7 59. Rxa7 Bxc4 60. Kg1
Bd5 61. Kf2 f5 62. Rh7 Bc6 63. Rxh6 Kf7 64. d7 Bxd7 65. Rh7+ 1-0

[Event "Ct. Catalunya femeni"]
[Site "Lleida"]
[Date "????.??.??"]
[Round "3"]
[White "Terrones Launes, M."]
[Black "Castillo Escario, Y."]
[Result "1/2-1/2"]
[WhiteElo "1945"]
[BlackElo "1947"]
[PlyCount "54"]
[EventDate "2012.??.??"]
[EventType "swiss"]
[EventRounds "6"]

1. e4 e5 2. Nf3 Nc6 3. d4 exd4 4. Nxd4 Bc5 5. Nxc6 Qf6 6. Qd2 dxc6 7. Nc3 Ne7
8. Qf4 Be6 9. Qxf6 gxf6 10. Bf4 O-O-O 11. Bd3 Rhg8 12. Bg3 f5 13. f3 h5 14.
O-O-O Be3+ 15. Kb1 f4 16. Bh4 Rd7 17. g3 fxg3 18. hxg3 Bf2 19. Bxe7 Rxe7 20.
Rxh5 Bxg3 21. Rg1 Ree8 22. Ne2 Bf2 23. Rgh1 Be3 24. R5h4 Rg7 25. b3 Reg8 26.
Kb2 Bg5 27. R4h2 Be3 1/2-1/2

[Event "Ct. Catalunya femeni"]
[Site "Lleida"]
[Date "????.??.??"]
[Round "4"]
[White "Alfonso Nogue, B."]
[Black "Ruiz Font, E."]
[Result "1/2-1/2"]
[WhiteElo "2055"]
[BlackElo "2070"]
[PlyCount "113"]
[EventDate "2012.??.??"]
[EventType "swiss"]
[EventRounds "6"]

1. d4 f5 2. Nf3 Nf6 3. g3 d6 4. Bg2 g6 5. c4 Bg7 6. Nc3 O-O 7. O-O Qe8 8. b3 c6
9. Ba3 Na6 10. Re1 b5 11. cxb5 cxb5 12. Nd2 Rb8 13. Bb2 Qf7 14. a4 bxa4 15.
Rxa4 Ne4 16. Nc4 Nc7 17. Nxe4 fxe4 18. Rxa7 Nb5 19. Ra2 Qxf2+ 20. Kh1 Bg4 21.
Ba1 Nxd4 22. Bxd4 Qxd4 23. Qxd4 Bxd4 24. Bxe4 Be6 25. e3 Bc5 26. Na5 Bb4 27.
Rb1 Bxa5 28. Rxa5 Rxb3 29. Rxb3 Bxb3 30. Kg2 Bc4 31. g4 Kf7 32. h4 Ke6 33. h5
d5 34. Bc2 gxh5 35. gxh5 h6 36. Ra4 Rb8 37. Kg3 Ke5 38. e4 Rb2 39. Bd1 Rd2 40.
Bg4 Kxe4 41. Ra7 Rd3+ 42. Kh4 e5 43. Rh7 Bb3 44. Rxh6 Bd1 45. Bd7 Rd2 46. Be8
Kf5 47. Bd7+ Ke4 48. Be8 d4 49. Kg3 Rd3+ 50. Kf2 Rh3 51. Kg2 Ra3 52. Rf6 Ra2+
53. Kg3 Ra3+ 54. Kg2 Ra2+ 55. Kg3 Bxh5 56. Bxh5 d3 57. Bg6+ 1/2-1/2

[Event "Ct. Catalunya femeni"]
[Site "Lleida"]
[Date "????.??.??"]
[Round "4"]
[White "Riera Morilla, E."]
[Black "Terrones Launes, M."]
[Result "1/2-1/2"]
[WhiteElo "1974"]
[BlackElo "1945"]
[PlyCount "43"]
[EventDate "2012.??.??"]
[EventType "swiss"]
[EventRounds "6"]

1. e4 e5 2. Bc4 Nc6 3. Nf3 Bc5 4. c3 Nf6 5. d3 d6 6. O-O h6 7. Nbd2 O-O 8. h3
Bb6 9. Bb3 Be6 10. Nc4 Na5 11. Nxa5 Bxa5 12. Bxe6 fxe6 13. Qb3 Qd7 14. Be3 Bb6
15. a4 Bxe3 16. fxe3 a5 17. Qc2 g5 18. g4 Qc6 19. Rae1 Kg7 20. Re2 Rf7 21. Ref2
Raf8 22. Kg2 1/2-1/2

[Event "Ct. Catalunya femeni"]
[Site "Lleida"]
[Date "????.??.??"]
[Round "4"]
[White "Ros Alonso, J."]
[Black "Marin Benito, C."]
[Result "1/2-1/2"]
[WhiteElo "1461"]
[BlackElo "1878"]
[PlyCount "121"]
[EventDate "2012.??.??"]
[EventType "swiss"]
[EventRounds "6"]

1. e4 e5 2. Bc4 Nc6 3. Nf3 Bc5 4. O-O d6 5. d3 Bg4 6. Be3 Nd4 7. Nbd2 Qd7 8. c3
Nxf3+ 9. Nxf3 Bb6 10. d4 f6 11. Be2 h5 12. Qd3 g5 13. dxe5 Bxf3 14. Bxf3 g4 15.
Be2 fxe5 16. Rad1 O-O-O 17. Bxb6 axb6 18. Ra1 Ne7 19. a4 Ng6 20. a5 Qc6 21. a6
bxa6 22. Qxa6+ Qb7 23. Bb5 Qxa6 24. Rxa6 Rdf8 25. Rfa1 Kd8 26. Ra7 Nf4 27. Rb7
Ne6 28. Bc4 Nc5 29. Ra8+ Kd7 30. Bb5+ Ke6 31. Rxf8 Rxf8 32. Rxc7 Rf4 33. Bc4+
Kf6 34. Rf7+ Kg5 35. Rg7+ Kf6 36. Rf7+ Kg5 37. Rg7+ Kh6 38. Rc7 Rxe4 39. Bf1
Re1 40. f3 Rb1 41. Rc6 Rxb2 42. fxg4 hxg4 43. Rxd6+ Kg5 44. g3 Ne4 45. Rd5 Kf6
46. Bd3 Ng5 47. Rd6+ Ke7 48. Rg6 e4 49. Rxg5 exd3 50. Rd5 d2 51. Kf1 d1=Q+ 52.
Rxd1 Rxh2 53. Kg1 Rc2 54. Rd4 Rxc3 55. Rxg4 Kf7 56. Kf2 b5 57. Rb4 Rc5 58. g4
Kf6 59. Kf3 Kg5 60. Rb3 Re5 61. Rb4 1/2-1/2

[Event "Ct. Catalunya femeni"]
[Site "Lleida"]
[Date "????.??.??"]
[Round "5"]
[White "Arno Bendicho, X."]
[Black "Riera Morilla, E."]
[Result "0-1"]
[WhiteElo "1629"]
[BlackElo "1974"]
[PlyCount "52"]
[EventDate "2012.??.??"]
[EventType "swiss"]
[EventRounds "6"]

1. d4 Nf6 2. Nf3 g6 3. Bg5 Ne4 4. Bh4 Bg7 5. Nbd2 Nxd2 6. Qxd2 d5 7. e3 Nd7 8.
Bd3 Nf6 9. Qe2 a6 10. c4 O-O 11. O-O h6 12. Nd2 dxc4 13. Bxc4 b5 14. Bd3 Bb7
15. Bxf6 Bxf6 16. Be4 Bxe4 17. Nxe4 Bg7 18. b3 e5 19. dxe5 Bxe5 20. Rac1 Qe7
21. f3 f5 22. Nd2 Bd4 23. Rfe1 Rfe8 24. Kh1 Qxe3 25. Qxe3 Bxe3 26. Rc2 Bxd2 0-1

[Event "Ct. Catalunya femeni"]
[Site "Lleida"]
[Date "????.??.??"]
[Round "5"]
[White "Castillo Escario, Y."]
[Black "Alfonso Nogue, B."]
[Result "1/2-1/2"]
[WhiteElo "1947"]
[BlackElo "2055"]
[PlyCount "122"]
[EventDate "2012.??.??"]
[EventType "swiss"]
[EventRounds "6"]

1. e4 e5 2. Nf3 Nc6 3. Nc3 Nf6 4. Bb5 d6 5. d4 Bd7 6. O-O Be7 7. h3 O-O 8. Be3
a6 9. Be2 Re8 10. Re1 Bf8 11. dxe5 Nxe5 12. Bd3 Nxd3 13. cxd3 h6 14. Rc1 c5 15.
Bf4 b5 16. Be3 Bc6 17. Ne2 Qa5 18. Qb3 c4 19. dxc4 bxc4 20. Qxc4 Bxe4 21. b4
Qa3 22. Rc3 d5 23. Qb3 Qxb4 24. Rec1 Bxf3 25. gxf3 Qh4 26. Kg2 Rab8 27. Qc2 Bd6
28. Qf5 g6 29. Qd3 a5 30. Qd4 Qxd4 31. Nxd4 Kg7 32. Rc6 Ba3 33. R1c2 Nd7 34.
Nb3 a4 35. Nc1 Bf8 36. Bd4+ Kg8 37. Nd3 g5 38. Ra6 Ra8 39. Rac6 Bg7 40. Bxg7
Kxg7 41. Nb4 Nf6 42. Rd2 Red8 43. Rc5 Rdc8 44. Rxc8 Rxc8 45. Rd3 Rc5 46. Kf1
Kg6 47. Ra3 Ra5 48. Ke2 Nh5 49. Nd3 d4 50. Kf1 Kf5 51. Nb4 Nf4 52. Nc6 Rc5 53.
Nxd4+ Ke5 54. Ne2 Rc4 55. Nc3 Nxh3 56. Nxa4 Nf4 57. Nc3 Rc5 58. Ke1 h5 59. Ne4
Rc1+ 60. Kd2 Rf1 61. Ra5+ Kd4 1/2-1/2

[Event "Ct. Catalunya femeni"]
[Site "Lleida"]
[Date "????.??.??"]
[Round "5"]
[White "Martin Dinares, S."]
[Black "Martin Dinares, L."]
[Result "1-0"]
[WhiteElo "1611"]
[BlackElo "1590"]
[PlyCount "121"]
[EventDate "2012.??.??"]
[EventType "swiss"]
[EventRounds "6"]

1. c4 Nf6 2. Nc3 e5 3. d3 c6 4. g3 d5 5. cxd5 cxd5 6. Bg2 Nc6 7. Bg5 Be6 8. a3
d4 9. Bxf6 Qxf6 10. Qa4 Bd7 11. Nd5 Qd8 12. Qd1 Be6 13. e4 dxe3 14. Nxe3 Qa5+
15. b4 Qc7 16. Rc1 Qd7 17. Qa4 Nd8 18. Qxd7+ Bxd7 19. Nd5 Ne6 20. Nc7+ Nxc7 21.
Rxc7 Rc8 22. Rxb7 Rc3 23. Rxa7 Rxa3 24. Rb7 Bd6 25. b5 Rxd3 26. Ke2 Rb3 27. Bc6
Bxc6 28. bxc6 Rxb7 29. cxb7 Ke7 30. Nf3 Rb8 31. Rb1 f5 32. Rb5 Kf6 33. Nd2 h6
34. Nc4 Bc7 35. h4 f4 36. g4 g5 37. Nb6 Ke6 38. Nd5 Bd6 39. Nb4 Bxb4 40. Rxb4
Kd5 41. hxg5 hxg5 42. Kd3 e4+ 43. Kc3 Kc5 44. Rb1 e3 45. fxe3 f3 46. Kd2 Kd5
47. Ke1 Kc6 48. Kf2 Kd5 49. Kxf3 Rf8+ 50. Ke2 Rb8 51. Kd3 Ke5 52. Rb5+ Kf6 53.
Kc4 Ke6 54. Kb4 Kd6 55. Ka5 Kc7 56. Ka6 Re8 57. b8=Q+ Rxb8 58. Rxb8 Kxb8 59.
Kb6 Kc8 60. Kc6 Kd8 61. Kd6 1-0

[Event "Ct. Catalunya femeni"]
[Site "Lleida"]
[Date "????.??.??"]
[Round "5"]
[White "Ruiz Font, E."]
[Black "Terrones Launes, M."]
[Result "0-1"]
[WhiteElo "2070"]
[BlackElo "1945"]
[PlyCount "102"]
[EventDate "2012.??.??"]
[EventType "swiss"]
[EventRounds "6"]

1. e4 e5 2. Bc4 Nf6 3. d3 c6 4. Nf3 d5 5. Bb3 Bb4+ 6. c3 Bd6 7. Qe2 O-O 8. O-O
Re8 9. Bg5 Be6 10. Nbd2 Nbd7 11. Rfe1 h6 12. Bh4 a5 13. d4 g5 14. Bg3 dxe4 15.
Nxe5 Bxe5 16. dxe5 Bxb3 17. axb3 Nxe5 18. Nxe4 Nxe4 19. Qxe4 Nd3 20. Qxe8+ Qxe8
21. Rxe8+ Rxe8 22. h4 f5 23. hxg5 hxg5 24. Rxa5 b5 25. Bc7 Re1+ 26. Kh2 Nxf2
27. g3 Ng4+ 28. Kg2 Re2+ 29. Kg1 Rxb2 30. Ra6 c5 31. Rc6 c4 32. bxc4 bxc4 33.
Bb6 Kf7 34. Bd4 f4 35. gxf4 gxf4 36. Rxc4 f3 37. Rb4 Rc2 38. Rb1 Rg2+ 39. Kf1
Kg6 40. c4 Rc2 41. c5 Kf5 42. Rd1 Ke4 43. Kg1 Ne3 44. Bxe3 Kxe3 45. Re1+ Kf4
46. Ra1 Rxc5 47. Ra4+ Kg3 48. Ra1 Rc2 49. Rd1 Rg2+ 50. Kf1 Rh2 51. Kg1 f2+ 0-1

[Event "Ct. Catalunya femeni"]
[Site "Lleida"]
[Date "????.??.??"]
[Round "6"]
[White "Martin Dinares, L."]
[Black "Marin Benito, C."]
[Result "0-1"]
[WhiteElo "1590"]
[BlackElo "1878"]
[PlyCount "54"]
[EventDate "2012.??.??"]
[EventType "swiss"]
[EventRounds "6"]

1. e4 e5 2. Nc3 Nf6 3. g3 d5 4. d3 Bb4 5. Bd2 O-O 6. Bg2 Be6 7. Nge2 c6 8. O-O
Na6 9. a3 Bd6 10. b4 Nc7 11. f4 dxe4 12. Nxe4 Nxe4 13. dxe4 Bc4 14. f5 Be7 15.
Rf2 Bg5 16. Bxg5 Qxg5 17. Qd6 Nb5 18. Qxe5 Rad8 19. a4 Bxe2 20. Rxe2 Nd4 21.
Rf2 Qe3 22. Qc5 a5 23. Qc4 axb4 24. Qd3 Nf3+ 25. Bxf3 Rxd3 26. Kg2 Rd2 27. Rxd2
Qxd2+ 0-1

[Event "Ct. Catalunya femeni"]
[Site "Lleida"]
[Date "????.??.??"]
[Round "6"]
[White "Martin Dinares, S."]
[Black "Ros Alonso, J."]
[Result "1-0"]
[WhiteElo "1611"]
[BlackElo "1461"]
[PlyCount "57"]
[EventDate "2012.??.??"]
[EventType "swiss"]
[EventRounds "6"]

1. c4 Nf6 2. Nc3 d5 3. cxd5 Nxd5 4. g3 g6 5. Bg2 c6 6. Qa4 Bd7 7. Nxd5 cxd5 8.
Qd4 f6 9. Qxd5 Nc6 10. e3 Bg7 11. Ne2 Qc7 12. O-O O-O-O 13. Qc4 h5 14. d4 e6
15. Bd2 h4 16. Rac1 Kb8 17. b4 Qd6 18. b5 Ne7 19. Bb4 Qb6 20. Bxe7 Rc8 21. Qb4
Bxb5 22. Rxc8+ Rxc8 23. Qd6+ Qxd6 24. Bxd6+ Ka8 25. Rb1 Bc6 26. Rc1 Rd8 27.
Bxc6 Rxd6 28. Be8 Rd8 29. Bxg6 1-0

[Event "Ct. Catalunya femeni"]
[Site "Lleida"]
[Date "????.??.??"]
[Round "6"]
[White "Riera Morilla, E."]
[Black "Castillo Escario, Y."]
[Result "1-0"]
[WhiteElo "1974"]
[BlackElo "1947"]
[PlyCount "115"]
[EventDate "2012.??.??"]
[EventType "swiss"]
[EventRounds "6"]

1. e4 e5 2. Nf3 Nc6 3. Bb5 a6 4. Ba4 Nf6 5. d3 d6 6. c3 g6 7. Nbd2 Bg7 8. Nf1
O-O 9. Ng3 b5 10. Bc2 h6 11. O-O d5 12. Qe2 Re8 13. h3 d4 14. a3 Bb7 15. Nh2
Qd7 16. Bb3 Rad8 17. Rd1 Qd6 18. h4 Na5 19. Ba2 Bc8 20. b4 Nb7 21. c4 bxc4 22.
Bxc4 Be6 23. Bxe6 Rxe6 24. h5 c5 25. hxg6 fxg6 26. bxc5 Nxc5 27. Bd2 Qd7 28.
Bb4 Rc6 29. Nf3 Qc7 30. Nd2 a5 31. Bxc5 Rxc5 32. Nc4 Rb8 33. Qa2 Qf7 34. a4 Bf8
35. Rab1 Rbc8 36. Rb2 h5 37. Re1 Nd7 38. Nf1 R5c7 39. Rb5 Bb4 40. Rd1 Rc5 41.
Rb7 R8c7 42. Rxc7 Rxc7 43. Qe2 Qf4 44. Nfd2 Nc5 45. g3 Qf6 46. Nf3 Nxa4 47.
Ncxe5 Nc3 48. Qc2 Re7 49. Qb3+ Kg7 50. Ra1 Rxe5 51. Nxe5 Qxe5 52. f4 Qe7 53.
Qc4 Kh7 54. Kg2 Qd7 55. f5 g5 56. Rh1 Kh6 57. Qg8 h4 58. Qg6# 1-0

[Event "Ct. Catalunya femeni"]
[Site "Lleida"]
[Date "????.??.??"]
[Round "6"]
[White "Terrones Launes, M."]
[Black "Alfonso Nogue, B."]
[Result "0-1"]
[WhiteElo "1945"]
[BlackElo "2055"]
[PlyCount "46"]
[EventDate "2012.??.??"]
[EventType "swiss"]
[EventRounds "6"]

1. e4 e5 2. Nf3 Nc6 3. d4 exd4 4. Nxd4 Bc5 5. Nb3 Bb6 6. Nc3 Nf6 7. a4 a6 8.
Be2 d6 9. O-O h6 10. Bf4 O-O 11. a5 Ba7 12. Ra4 Re8 13. Bf3 Bd7 14. Bg3 Ne5 15.
Ra1 Nxf3+ 16. gxf3 Nh5 17. Kh1 Nxg3+ 18. fxg3 Kh8 19. Kg2 f5 20. Re1 fxe4 21.
Nxe4 Rf8 22. Nd4 d5 23. Nd2 Bxd4 0-1

[Event "Figueres op A"]
[Site "?"]
[Date "2012.08.11"]
[Round "3"]
[White "Ladron de Guevara Pinto, P."]
[Black "Triadu Cassa, J."]
[Result "1/2-1/2"]
[WhiteElo "2370"]
[BlackElo "2138"]
[PlyCount "52"]
[EventDate "2012.??.??"]
[EventType "swiss"]
[EventRounds "9"]

1. e4 e5 2. Nf3 Nc6 3. Bb5 a6 4. Ba4 Nf6 5. O-O Be7 6. Re1 b5 7. Bb3 d6 8. c3
O-O 9. d4 Bg4 10. Be3 {La Variante Yates , Practicada en ocasiones por grandes
jugadores como Capablanca y Fischer .} d5 $5 {Una Variante de Orilla donde es
preciso conocer el Orden exacto de jugadas , más común es} (10... exd4 11.
cxd4 Na5 (11... d5 12. e5 Ne4) 12. Bc2 Nc4 13. Bc1 {C91}) 11. dxe5 $6 (11. exd5
) 11... Nxe5 12. exd5 Nxf3+ 13. gxf3 Bh5 14. Kg2 Re8 15. a4 Bd6 16. Qd4 Qd7 17.
Nd2 Re4 $5 {Las Negras inician una brillante idea que da lugar sin dudas a una
del as joyas del Torneo.} 18. fxe4 $8 Qg4+ 19. Kh1 Bxh2 {? Quien dice que las
Tablas son Aburridas ?} 20. Qxf6 $3 {Un Brillante Sacrificio de Q} Bg3 $1 {Las
negras estan a la Altura y responden al Fuego contra Fuego.} 21. Qxf7+ $5 {
Nuevamente el SubCampeón de España Sub18 elige el camino más complicado
intentando ver si confunde a su rival , arriesgando asíelresultado} Kxf7 22.
fxg3 Qh3+ 23. Kg1 Qxg3+ 24. Kh1 Qh3+ 25. Kg1 Qg3+ 26. Kh1 Qh3+ {Un resultado
justo en una partida brillante por ambos jovenes jugadores , ya de por si se
postula Candidata No1 a la Mejor Partida del Torneo para el Trofeo " Castillo
de San Ferran " .} 1/2-1/2

[Event "La Pobla de Lillet op"]
[Site "?"]
[Date "2012.??.??"]
[Round "8.8"]
[White "Anguera Maestro, J."]
[Black "Garcia Galeote, L."]
[Result "1/2-1/2"]
[WhiteElo "2153"]
[BlackElo "2025"]
[PlyCount "142"]
[EventDate "2012.??.??"]
[EventType "swiss"]
[EventRounds "9"]

1. d4 d5 2. c4 e6 3. Nc3 Nf6 4. Nf3 Be7 5. e3 Nbd7 6. Bd3 O-O 7. O-O b6 8. e4
dxe4 9. Nxe4 Bb7 10. Ng3 c5 11. Be3 Bxf3 12. Qxf3 cxd4 13. Bxd4 Nc5 14. Rad1
Nxd3 15. Rxd3 Qc7 16. b3 Rad8 17. Bxf6 Rxd3 18. Qxd3 Bxf6 19. Ne4 Be5 20. g3
Rd8 21. Qc2 Qd7 22. Re1 Bd4 23. Re2 Bf6 24. Rd2 Qe7 25. Qd1 Rxd2 26. Qxd2 g6
27. Qd6 Kg7 28. Kf1 Qb7 29. f3 Be7 30. Qd4+ Kg8 31. Ke2 Qc7 32. Kd3 Qc6 33. Ke2
Qc7 34. Nc3 h5 35. Nb5 Qb7 36. Qe5 a5 37. Nc3 Bd8 38. Ne4 Be7 39. h3 Qc8 40. g4
hxg4 41. hxg4 Qd8 42. g5 Bb4 43. a4 Ba3 44. Nf6+ Kf8 45. Ng4 Bc1 46. Qh8+ Ke7
47. Qxd8+ Kxd8 48. Ne5 Ke8 49. c5 bxc5 50. Nc4 Bxg5 51. Nxa5 Kd7 52. Nc4 Bf4
53. Nb2 Kc6 54. Nd3 Bc7 55. Nf2 f5 56. Nh3 e5 57. Ng5 Bd8 58. Ne6 Be7 59. Kd3
Bd6 60. Kc4 e4 61. fxe4 fxe4 62. Ng5 e3 63. Kd3 Kb6 64. Kxe3 Ka5 65. Kd3 Kb4
66. Kc2 Be7 67. Ne4 g5 68. Nc3 g4 69. Nd5+ Ka3 70. Kd3 Bd6 71. Ke2 c4 1/2-1/2

[Event "Andorra op"]
[Site "Erts - La Massana"]
[Date "2013.07.20"]
[Round "1.1"]
[White "Iturrizaga Bonelli, E."]
[Black "Gutierrez Anso, J."]
[Result "1-0"]
[WhiteElo "2643"]
[BlackElo "2068"]
[PlyCount "67"]
[EventDate "2013.??.??"]
[EventType "swiss"]
[EventRounds "9"]

1. Nf3 Nf6 2. c4 Nc6 3. d4 e6 4. Nc3 Bb4 5. Bg5 h6 6. Bh4 g5 7. Bg3 Ne4 8. Qd3
Bxc3+ 9. bxc3 Nxg3 10. hxg3 d5 11. cxd5 Qxd5 12. e4 Qa5 13. e5 Bd7 14. Nxg5 Rg8
15. Nf3 O-O-O 16. Rxh6 Ne7 17. Rh7 Bb5 18. Qd2 Bxf1 19. Kxf1 Rgf8 20. Kg1 Ng6
21. Qe3 Qb5 22. Ng5 Qb2 23. Qe1 Qc2 24. Ne4 Rd5 25. Qb1 Qe2 26. a4 b6 27. Nf6
Ra5 28. Qb3 Kb7 29. Nd7 Rd8 30. Rxf7 Rh8 31. Qxe6 Qh5 32. Qh3 Rxa4 33. Nc5+
bxc5 34. Rb1+ 1-0

[Event "Andorra op"]
[Site "Erts - La Massana"]
[Date "2013.07.20"]
[Round "1.3"]
[White "Peralta, F."]
[Black "Oswald, DC."]
[Result "1-0"]
[WhiteElo "2622"]
[BlackElo "2055"]
[PlyCount "75"]
[EventDate "2013.??.??"]
[EventType "swiss"]
[EventRounds "9"]

1. d4 Nf6 2. c4 c5 3. d5 b5 4. cxb5 a6 5. bxa6 g6 6. Nc3 Bxa6 7. Nf3 d6 8. g3
Bg7 9. Bg2 Nbd7 10. Rb1 Nb6 11. b3 O-O 12. O-O Bb7 13. e4 Nfd7 14. Qc2 Ne5 15.
Nxe5 Bxe5 16. Bh6 Re8 17. a4 Ba6 18. Rfd1 Nd7 19. Na2 Rc8 20. Bd2 Qb6 21. Bc3
Qa7 22. h3 Bxc3 23. Qxc3 Rc7 24. Qe3 Rb8 25. Kh2 Rcb7 26. Qc3 Rc7 27. f4 Rb6
28. e5 Qb8 29. Re1 Rcb7 30. Re3 c4 31. b4 Nc5 32. a5 Rb5 33. exd6 Rxa5 34. dxe7
Qe8 35. bxc5 Rxa2 36. Rxb7 Bxb7 37. c6 Ba6 38. d6 1-0

[Event "Andorra op"]
[Site "Erts - La Massana"]
[Date "2013.07.20"]
[Round "1.4"]
[White "Gil Quilez, S."]
[Black "Felgaer Ziegler, R."]
[Result "0-1"]
[WhiteElo "2052"]
[BlackElo "2586"]
[PlyCount "54"]
[EventDate "2013.??.??"]
[EventType "swiss"]
[EventRounds "9"]

1. d4 d5 2. c4 Bf5 3. Nc3 e6 4. Nf3 c6 5. e3 Nd7 6. Bd3 Bg6 7. e4 dxc4 8. Bxc4
Ngf6 9. Bd3 Be7 10. O-O O-O 11. Ne5 Bh5 12. Be2 Bxe2 13. Qxe2 Nxe5 14. dxe5 Nd7
15. f4 b5 16. Rf3 b4 17. Nd1 Qb6+ 18. Be3 Qb5 19. Qe1 Rfd8 20. Qg3 Qe2 21. Qf2
Qc4 22. Rh3 Qxe4 23. g4 Nxe5 24. Qg3 Nc4 25. Bf2 Rd2 26. Be1 Bc5+ 27. Nf2 Re2
0-1

[Event "Andorra op"]
[Site "Erts - La Massana"]
[Date "2013.07.20"]
[Round "1.5"]
[White "Arizmendi Martinez, JL."]
[Black "Grigoryan, M."]
[Result "1-0"]
[WhiteElo "2580"]
[BlackElo "2052"]
[PlyCount "51"]
[EventDate "2013.??.??"]
[EventType "swiss"]
[EventRounds "9"]

1. Nf3 Nf6 2. c4 c6 3. Nc3 d5 4. e3 a6 5. d4 b5 6. b3 Bg4 7. Qc2 Bxf3 8. gxf3
e6 9. f4 g6 10. Bg2 Nbd7 11. O-O h5 12. e4 b4 13. exd5 cxd5 14. Na4 Rc8 15. Qe2
Qa5 16. Nb2 Be7 17. Bd2 Ne4 18. Bxe4 dxe4 19. Qxe4 Nf6 20. Qe5 Qb6 21. d5 exd5
22. Rae1 Rc7 23. Bxb4 Qe6 24. f5 Qxe5 25. Rxe5 Kf8 26. Rxe7 1-0

[Event "Andorra op"]
[Site "Erts - La Massana"]
[Date "2013.07.20"]
[Round "1.9"]
[White "Steingrimsson, H."]
[Black "Hilarius, S."]
[Result "1-0"]
[WhiteElo "2557"]
[BlackElo "2033"]
[PlyCount "79"]
[EventDate "2013.??.??"]
[EventType "swiss"]
[EventRounds "9"]

1. Nf3 Nf6 2. g3 b5 3. Bg2 Bb7 4. O-O e6 5. d3 Be7 6. e4 d6 7. Nbd2 c5 8. c3
O-O 9. Re1 Nfd7 10. d4 e5 11. Nf1 a5 12. h4 cxd4 13. cxd4 Nc6 14. Ne3 Nxd4 15.
Nxd4 exd4 16. Qxd4 Nc5 17. Nf5 Bf6 18. Qxd6 Nd3 19. Re2 Rc8 20. Bg5 Bxg5 21.
hxg5 Qxd6 22. Nxd6 Rb8 23. Rd1 Nc5 24. Rc2 Ne6 25. Nxb7 Rxb7 26. f4 Rbb8 27.
Rd5 g6 28. Bf1 Rfd8 29. Rcd2 Rxd5 30. Rxd5 b4 31. Rxa5 Nd4 32. b3 Rc8 33. Bc4
Nf3+ 34. Kf2 Nd2 35. Bd5 Rc2 36. Ke3 Nf1+ 37. Kd4 Rc7 38. g4 Nh2 39. f5 Nxg4
40. Ra8+ 1-0

[Event "Andorra op"]
[Site "Erts - La Massana"]
[Date "2013.07.20"]
[Round "1.10"]
[White "Prats Rodriguez, JB."]
[Black "Alonso Rosell, A."]
[Result "0-1"]
[WhiteElo "2031"]
[BlackElo "2550"]
[PlyCount "58"]
[EventDate "2013.??.??"]
[EventType "swiss"]
[EventRounds "9"]

1. e4 c6 2. d3 d5 3. Nd2 g6 4. Ngf3 Bg7 5. g3 e5 6. Bg2 Ne7 7. O-O O-O 8. c3
Qc7 9. b4 a5 10. a4 Rd8 11. Bb2 h6 12. Qc2 Be6 13. Rfb1 Nd7 14. Ba3 Nc8 15.
bxa5 Rxa5 16. Bb4 Ra7 17. d4 c5 18. dxc5 Nxc5 19. Bxc5 Qxc5 20. Rb5 Qxb5 21.
axb5 Rxa1+ 22. Nf1 dxe4 23. N3d2 f5 24. h4 Ra2 25. Qc1 h5 26. c4 Bh6 27. Qb1
Raxd2 28. Nxd2 Rxd2 29. c5 e3 0-1

[Event "Andorra op"]
[Site "Erts - La Massana"]
[Date "2013.07.20"]
[Round "1.11"]
[White "Lopez Martinez, JM."]
[Black "Grove, M."]
[Result "1-0"]
[WhiteElo "2547"]
[BlackElo "2028"]
[PlyCount "69"]
[EventDate "2013.??.??"]
[EventType "swiss"]
[EventRounds "9"]

1. e4 e5 2. Nf3 Nc6 3. Bb5 a6 4. Ba4 Nf6 5. O-O Bc5 6. d3 d6 7. c3 O-O 8. Bg5
h6 9. Bh4 Ba7 10. Nbd2 b5 11. Bb3 Be6 12. Re1 g5 13. Bg3 Qd7 14. Nf1 Nh5 15.
Nxe5 dxe5 16. Qxh5 Kg7 17. Bxe6 Qxe6 18. Ne3 Bxe3 19. fxe3 f5 20. exf5 Qxf5 21.
d4 Qe4 22. h3 Rf5 23. Qg4 Qxg4 24. hxg4 Rf7 25. d5 Ne7 26. Bxe5+ Kh7 27. e4 Ng6
28. Bg3 Nf4 29. Rad1 Re8 30. e5 Rd7 31. Bxf4 gxf4 32. b3 Rg7 33. d6 Rd7 34. Kf2
Kg6 35. c4 1-0